Managing Six Sigma projects - actively

Salvato in:
Dettagli Bibliografici
Autore principale: Tkáč, Michal, 1958-
Altri autori: Lyócsa, Štefan, 1982-
Natura: Capitolo di libro
Lingua:inglese
Tags: Aggiungi Tag
Nessun Tag, puoi essere il primo ad aggiungerne!!

MARC

LEADER 00000nla$a2200000$$$4500
001 0118001
005 20240502083307.1
041 0 |a eng 
044 |a DE 
245 1 0 |a Managing Six Sigma projects - actively  |c Michal Tkáč, Štefan Lyócsa 
100 1 |a Tkáč, Michal, 1958- 
700 1 |a Lyócsa, Štefan, 1982-